Zvýšenie úrovne ochrany slovenských bankoviek

Národná banka Slovenska realizuje v roku 1999 dotlač bankoviek s vyššou úrovňou ochrany. Zmeny v bankovom papieri. Zmeny na lícnej strane bankoviek. Zmeny na rubovej strane bankoviek.

Gespeichert in:
Bibliographische Detailangaben
1. Verfasser: Fröhlich, Štefan
Format: Buchkapitel
Sprache:Slowakisch
Schlagworte:
Tags: Tag hinzufügen
Keine Tags, Fügen Sie das erste Tag hinzu!

MARC

LEADER 00000naa a2200000 4500
001 r035534
005 20221129101927.2
041 0 |a slo 
044 |a SK 
245 1 0 |a Zvýšenie úrovne ochrany slovenských bankoviek  |c Štefan Fröhlich 
520 |a Národná banka Slovenska realizuje v roku 1999 dotlač bankoviek s vyššou úrovňou ochrany. Zmeny v bankovom papieri. Zmeny na lícnej strane bankoviek. Zmeny na rubovej strane bankoviek. 
610 2 0 |a bankovky 
610 2 0 |a Slovensko 
610 2 0 |a NBS Bratislava 
610 2 0 |a 1999 
610 2 0 |a falzifikáty 
100 1 |a Fröhlich, Štefan